000 00599nam a22001817a 4500
003 OSt
005 20160603155757.0
008 131001t xxu||||| |||| 00| 0 eng d
020 _a0-87120-156-9
050 _aLB 2804
_b.T737 1989
082 _aGLT 375.001
_bT65 1989
245 _aToward the thinking curriculum: current cognitive research /
260 _aAlexandria, Va :
_bAssociation for Supervision and Curriculum Development,
_c1989.
300 _a221 p. :
_c24 cm.
650 _aCurriculums
_xPlanning, design,construction
_xUnited States.
_922440
942 _2lcc
_cBK
999 _c12522
_d12522